LEADER 01065cam0 22002651 450 001 SOBE00038339 005 20131210121422.0 100 $a20131210d1944 |||||ita|0103 ba 101 $afre 102 $aFR 200 1 $aClef de la poésie$equi permet de distinguer le vrai du faux en toute observation ou doctrine touchant la rime, le rythme, le vers, le poète et la poésie$fJean Paulhan 210 $aParis$cGallimard$d1944 215 $a94 p.$d19 cm 225 2 $aMétamorphoses$v21 410 1$1001SOBE00038341$12001 $a*Métamorphoses$v21 700 1$aPaulhan$b, Jean$3SOBA00008844$4070$0193187 801 0$aIT$bUNISOB$c20131210$gRICA 850 $aUNISOB 852 $aUNISOB$j3|A$m12307|ort 912 $aSOBE00038339 940 $aM 102 Monografia moderna SBN 941 $aM 957 $xFondo|Ortolani$a3|A$b033$fModalità di consultazione sulla home page della Biblioteca link Fondi$gNO$d12307|ort$hOrtolaniS$rdono$1calvano123$2UNISOB$3UNISOB$420131210121432.0$520131210121539.0$6calvano123 996 $aClef de la poésie$91478206 997 $aUNISOB LEADER 01370nam0 22003253i 450 001 VAN00107342 005 20240806100733.599 010 $a978-88-634-2927-5 100 $a20170117d2016 |0itac50 ba 101 $aita 102 $aIT 105 $a|||| ||||| 200 1 $aˆI ‰commissariamenti nel settore culturale italiano$eobiettivi, azioni, risultati$fPaolo Ferri$gprefazione Luca Zan$gpostfazione Giuseppe Grossi 210 $aNapoli$cEditoriale scientifica$d2016 215 $a227 p.$d21 cm. 410 1$1001VAN00107343$12001 $aPunto org$1210 $aNapoli$cEditoriale scientifica$v23 606 $aCommissariamento$xItalia$3VANC032803$2EC 606 $aImprese$xAmministrazione straordinaria$xLegislazione$3VANC032804$2EC 620 $dNapoli$3VANL000005 676 $a346.4$v21 700 1$aFerri$bPaolo$3VANV082857$062355 702 1$aGrossi$bGiuseppe$3VANV021578 702 1$aZan$bLuca$3VANV034304 712 $aEditoriale scientifica $3VANV107979$4650 801 $aIT$bSOL$c20260130$gRICA 899 $aBIBLIOTECA DEL DIPARTIMENTO DI ECONOMIA$1IT-CE0106$2VAN03 912 $aVAN00107342 950 $aBIBLIOTECA DEL DIPARTIMENTO DI ECONOMIA$d03PREST IVCd111 $e03BDE610 20170117 996 $aCommissariamenti nel settore culturale italiano$91412629 997 $aUNICAMPANIA